Key Changes and Disclosure Rules for Non-Financial Sustainability Information

Vzhľadom na zhoršujúci sa stav životného prostredia a obmedzenú dostupnosť obnoviteľných zdrojov nadobúdajú pojmy ako zodpovednosť a udržateľnosť čoraz väčší význam. Veľký záujem o túto oblasť prejavila aj Európska únia, ktorá pripravila niekoľko nových legislatívnych pravidiel a usmernení, ktoré vy...

Descripción completa

Guardado en:
Detalles Bibliográficos
Autor principal: Kissová, Jana, 1979-
Otros Autores: Dubcová, Gabriela, 1968-
Formato: Capítulo de libro
Lenguaje:inglés
Materias:
Etiquetas: Agregar Etiqueta
Sin Etiquetas, Sea el primero en etiquetar este registro!

MARC

LEADER 00000naa$a2200000$$$4500
001 0305075
005 20241114090250.4
041 0 |a eng 
044 |a SK 
245 1 0 |a Key Changes and Disclosure Rules for Non-Financial Sustainability Information  |c Jana Kissová, Gabriela Dubcová 
520 |a Vzhľadom na zhoršujúci sa stav životného prostredia a obmedzenú dostupnosť obnoviteľných zdrojov nadobúdajú pojmy ako zodpovednosť a udržateľnosť čoraz väčší význam. Veľký záujem o túto oblasť prejavila aj Európska únia, ktorá pripravila niekoľko nových legislatívnych pravidiel a usmernení, ktoré vyžadujú od spoločností dôkladnú prípravu. Hlavným cieľom tohto článku je predstaviť legislatívne zmeny súvisiace so zverejňovaním informácií o udržateľnosti. 
610 2 0 |a ESG 
610 2 0 |a informácie 
610 2 0 |a prostredie životné 
610 2 0 |a legislatíva 
610 2 0 |a udržateľnosť 
100 1 |a Kissová, Jana, 1979- 
700 1 |a Dubcová, Gabriela, 1968-